| 000 | 01004cam a2200289 a 4500 | ||
|---|---|---|---|
| 999 |
_c600 _d600 |
||
| 001 | 12712645 | ||
| 003 | GZU | ||
| 005 | 20200908111932.0 | ||
| 008 | 020321s2003 mauab b 001 0 eng | ||
| 010 | _a 2002021916 | ||
| 020 | _a0072489936 (acidfree paper) | ||
| 040 |
_aDLC _cDLC _dDLC |
||
| 050 | 0 | 0 |
_aD20 _b.BEN 2003 |
| 100 | 1 |
_aBentley, Jerry H., _d1949-2012. _eauthor |
|
| 245 | 1 | 0 |
_aTraditions & encounters : _ba global perspective on the past / _cJerry H. Bentley, Herbert F. Ziegler. |
| 246 | 3 | _aTraditions and encounters | |
| 250 | _a2nd ed. | ||
| 260 |
_aBoston : _bMcGraw-Hill, _cc2003. |
||
| 300 |
_axlvi, 1169p. : _bill. (some col.), col. maps ; _c26 cm. |
||
| 500 | _aIssued also in a 2 v. set. | ||
| 504 | _aIncludes bibliographical references and index. | ||
| 650 | 0 | _aWorld history. | |
| 650 | 0 |
_aIntercultural communication _xHistory. |
|
| 700 | 1 |
_aZiegler, Herbert F., _d1949- _eauthor |
|
| 906 |
_a7 _bcbc _corignew _d1 _eocip _f20 _gy-gencatlg |
||
| 942 |
_2lcc _cBK _e2nd ed. _h20 _iBEN _kD |
||